Babbitt

Uloženo v:
Podrobná bibliografie
Hlavní autor: Lewis, Sinclair (Autor)
Médium: Kniha
Jazyk:angličtina
Vydáno: Nueva York New American Library 1962
Vydání:3a. ed
Edice:Signet Classic
Témata:
Tagy: Přidat tag
Žádné tagy, Buďte první, kdo vytvoří štítek k tomuto záznamu!

MARC

LEADER 00000nam a2200000 a 4500
001 UCQ0330
003 CL-VaPUC
008 980627e19620000US |||||||||||||||||eng|d
082 0 4 |a 813  |b LEW  |2 21 
100 |a Lewis, Sinclair  |e author  |9 413554 
245 1 0 |a Babbitt 
250 |a 3a. ed 
300 |a 327 p 
942 |c BK 
945 |d 19980627 00:00:00  |a crobeson 
260 |a Nueva York  |b New American Library  |c 1962 
650 0 |a Novelas estadounidenses  |9 265217 
650 0 |a Literatura estadounidense  |9 317168 
650 0 |a Formas y géneros literarios  |9 324031 
583 |a last modification  |c 19980627 00:00:00  |k Rodrigo Vera 
490 0 |a Signet Classic 
999 |c 271467  |d 271465 
952 |0 0  |1 0  |4 0  |6 813_000000000000000_LEW_1962  |7 0  |8 A  |9 306130  |a BIBEDU  |b BIBEDU  |d 2019-11-20  |i 1423797  |o 813 LEW 1962  |p 1423797  |r 2019-11-20  |w 2019-11-20  |y BK  |k LIT 
952 |0 0  |1 0  |4 0  |6 813_000000000000000_LEW_1962  |7 0  |8 A  |9 306131  |a BIBEDU  |b BIBEDU  |d 2019-11-20  |i 3528359  |o 813 LEW 1962  |p 3528359  |r 2019-11-20  |w 2019-11-20  |y BK  |k LIT